000 00295 a2200145 4500
001 194936
040 _cMagnum
100 _aMachado, Ana Maria
240 1 0 _aSopa de Pedra
_lpor
245 1 0 _aSopa de Pedra
300 _a8
362 0 _a2021
697 _aLITERATURA INFANTIL
942 _cBK
999 _c194936
_d194936